Countries with wolverines - Statistics

General Stats
  • This quiz has been taken 30 times
  • The average score is 8 of 9
Answer Stats
Answer % Correct
Canada
100%
United States
100%
Russia
97%
Finland
79%
Norway
79%
Sweden
79%
China
76%
Mongolia
72%
Estonia
69%
No matching quizzes found
Score Distribution
Percent of People with Each Score
Percentile by Number Answered
Your Score History
You have not taken this quiz